Im Strom der Bewegungsbilder : Film-, Bildungs- und Pflegeprozesse Ausgehend Von Michael Hanekes »Liebe«.

Bibliographic Details
Main Author: Hänel, Jonas.
Format: eBook
Language:German
Published: Bielefeld : Transcript Verlag, 2022.
Edition:1st ed.
Series:Theorie Bilden Series
Subjects:
Online Access:Click to View
LEADER 02143nam a22003733i 4500
001 EBC30469281
003 MiAaPQ
005 20231204023230.0
006 m o d |
007 cr cnu||||||||
008 231204s2022 xx o ||||0 ger d
020 |a 9783839464816  |q (electronic bk.) 
035 |a (MiAaPQ)EBC30469281 
035 |a (Au-PeEL)EBL30469281 
035 |a (OCoLC)1353268921 
040 |a MiAaPQ  |b eng  |e rda  |e pn  |c MiAaPQ  |d MiAaPQ 
100 1 |a Hänel, Jonas. 
245 1 0 |a Im Strom der Bewegungsbilder :  |b Film-, Bildungs- und Pflegeprozesse Ausgehend Von Michael Hanekes »Liebe«. 
250 |a 1st ed. 
264 1 |a Bielefeld :  |b Transcript Verlag,  |c 2022. 
264 4 |c {copy}2022. 
300 |a 1 online resource (308 pages) 
336 |a text  |b txt  |2 rdacontent 
337 |a computer  |b c  |2 rdamedia 
338 |a online resource  |b cr  |2 rdacarrier 
490 1 |a Theorie Bilden Series ;  |v v.45 
505 0 |a Intro -- Inhalt -- Zum Geleit -- Vorwort -- Eine Einleitung: Immanenzphilosophie und Wissenschaft -- Deleuze'/Guattaris Anti-Methodik: Mindere Wissenschaft betreiben -- 1. Wissenschaftliche Diskurse kartieren -- 2. Hanekes Liebe als Bildungsmedium beschreiben -- 3. Bildungsprozesse fiktionaler Figuren im Film Liebe kartieren -- 4. Pflegeprozesse fiktionaler Figuren im Film Liebe kartieren -- 5. Filmbildungspotenziale anhand von Liebe in Bewegungsbildern kartieren -- 6. Nach Liebe: Diskursive Bildungspotenziale in Bewegungsbildern kartieren -- Ein Schluss: Anders sehen und sprechen -- Siglen, Literatur und Abbildungen. 
588 |a Description based on publisher supplied metadata and other sources. 
590 |a Electronic reproduction. Ann Arbor, Michigan : ProQuest Ebook Central, 2023. Available via World Wide Web. Access may be limited to ProQuest Ebook Central affiliated libraries.  
655 4 |a Electronic books. 
776 0 8 |i Print version:  |a Hänel, Jonas  |t Im Strom der Bewegungsbilder  |d Bielefeld : Transcript Verlag,c2022 
797 2 |a ProQuest (Firm) 
830 0 |a Theorie Bilden Series 
856 4 0 |u https://ebookcentral.proquest.com/lib/matrademy/detail.action?docID=30469281  |z Click to View